000 00498nmm a2200169Ia 4500
008 251105s9999||||xx |||||||||||||||||und||
020 _a9788495354938
041 _aspa
100 _aMartínez de Lezea, Toti
245 0 _aLa voz de Lug :
_b La epopeya del pueblo astur.
264 _a[Madrid, España] :
_bMaeva Ediciones,
_c2003
300 _a0 páginas
490 _aNueva Historia
650 _aHistorical fiction
856 _uhttps://public.digitaliapublishing.com/a/31547
942 _cCF
999 _c89586
_d89586